000 00674nam a2200217Ia 4500
003 OSt
005 20250519171136.0
008 220927b |||||||| |||| 00| 0 eng d
020 _a0471987611
037 _cTextual
040 _aSDCL
_cSDCL
_beng
041 _2eng
_aeng
084 _aS4:86 P2
100 _aMcGuire, James Ed.
_9467775
245 0 _aOffender rehabilitation and treatment :
_bEffective programmes and policies to reduce re-offending.
260 _aSussex :
_bJohn Wiley and Sons,
_c2002.
300 _axvii, 394p
650 _aPsychology
_9808991
942 _cTEXL
_2CC
_n0
999 _c780654
_d780654